Seguiment i control de la gestió en serveis municipals : manual de consulta / [text: Albert Gadea] manual de consulta / [text:
Descripción Física:
101 p. : taules ; 30 cm
Colección:
Manuals de formació municipal ; 13
MARC
| LEADER | 00000nam a2200000Ia 4500 | ||
|---|---|---|---|
| 001 | 16061 | ||
| 008 | 160829s2003 xx 000 0 cat d | ||
| 080 | |a M-5-2 | ||
| 100 | |a Gadea Carrera, Albert |9 3474 | ||
| 245 | |a Seguiment i control de la gestió en serveis municipals : |b manual de consulta / [text: |b Albert Gadea] | ||
| 260 | |a [Barcelona] : |b Diputació de Barcelona, |c 2003 | ||
| 300 | |a 101 p. : |b taules ; |c 30 cm | ||
| 490 | |a Manuals de formació municipal ; 13 | ||
| 590 | |a Glossari. | ||
| 590 | |a Referències bibliogràfiques. | ||
| 590 | |a Bibliografia comentada. | ||
| 590 | |a Annexos i material d'autoavaluació. | ||
| 590 | |a A la coberta: Diputació de Barcelona, Xarxa de Municipis, Àrea de Règim Interior, Hisenda i Planificació | ||
| 650 | |a Administració local |x Direcció i administració |9 39191 | ||
| 650 | 0 | |a Serveis municipals |9 42282 | |
| 710 | |a Barcelona (Catalunya : Província). |b Àrea de Règim Interior, Hisenda i Planificació |9 53667 | ||
| 901 | |a Arxiu | ||
| 942 | |n 1 | ||
| 952 | |0 0 |1 0 |4 0 |6 M52 |7 1 |9 43214 |a Arxiu |b Arxiu |d 2016-12-01 |l 0 |o M-5-2 |p 16061 |r 2016-12-01 00:00:00 |w 2016-12-01 |y ARXIU | ||
| 999 | |c 45758 |d 45758 | ||